000 00878 am a2200241 4500
001 173713
003 ES-MaACL
005 20240229062732.0
008 100113s2009 sp | |||||||| | spa d
020 _a978-84-9781-497-3
080 _a94(460)"1808/14"
100 1 _aPorras y Rodríguez de León, Gonzalo de.
_9141910
245 1 0 _aDe los últimos de Kronstad y otros olvidados de la Guerra de la Independencia /
_cGonzalo de Porras y Rodríguez de León.
260 _a[Madrid] :
_bMinisterio de Defensa, Secretaría General Técnica,
_c2009.
300 _a386 p. ;
_c20 cm.
490 1 _aAdalid ;
_v59
504 _aBibliografía: p. [351]-353. Índice.
586 8 _aPremio Ejército, 2008
651 4 _aEspaña-
_xHistoria-
_y1808-1814, Guerra de la Independencia
_98244
830 0 _aAdalid ;
_v59
_9189241
852 _aES-MaACL
_jL-8732
999 _c173713
_d173713